[Event "Unterfranken-ch HT 54th"]
[Site "Moembris"]
[Date "2003.04.25"]
[Round "7"]
[White "Barthel, Reimar"]
[Black "Bathon, Klemens"]
[Result "1/2-1/2"]
[WhiteElo "1469"]
[BlackElo "1640"]
[PlyCount "67"]
[EventDate "2003.04.21"]
[EventType "swiss"]
[EventRounds "9"]
[EventCountry "GER"]
[SourceTitle "EXT 2015"]
[Source "ChessBase"]
[SourceDate "2014.11.20"]
[SourceVersion "1"]
[SourceVersionDate "2014.11.20"]
[SourceQuality "1"]

1. d4 d5 2. c4 Nf6 3. cxd5 Nxd5 4. e4 Nf6 5. Nc3 e6 6. Bg5 h6 7. Bh4 g5 8. Bg3 Bb4 9. Qa4+ Nc6 10. Be5 0-0 11. Bxf6 Qxf6 12. e5 Qe7 13. Nge2 Bd7 14. a3 Bxc3+ 15. Nxc3 Nxe5 16. Qc2 Ng6 17. Bd3 Nf4 18. 0-0 Nxd3 19. Qxd3 Rad8 20. Rfe1 Bc6 21. b4 a6 22. Re2 Rd7 23. Rd1 Rfd8 24. Qe3 Qf6 25. Red2 Bd5 26. Qe5 Qf4 27. Qxf4 gxf4 28. f3 Bb3 29. Rb1 Bc4 30. Rbd1 f5 31. Ne2 Bxe2 32. Rxe2 Rxd4 33. Rxd4 Rxd4 34. Rxe6 1/2-1/2

[Event "Unterfranken-ch HT 54th"]
[Site "Moembris"]
[Date "2003.04.25"]
[Round "8"]
[White "Bathon, Klemens"]
[Black "Marx, Hermann"]
[Result "1-0"]
[WhiteElo "1640"]
[BlackElo "1531"]
[PlyCount "65"]
[EventDate "2003.04.21"]
[EventType "swiss"]
[EventRounds "9"]
[EventCountry "GER"]
[SourceTitle "EXT 2015"]
[Source "ChessBase"]
[SourceDate "2014.11.20"]
[SourceVersion "1"]
[SourceVersionDate "2014.11.20"]
[SourceQuality "1"]

1. Nf3 Nf6 2. c4 c5 3. Nc3 Nc6 4. e4 d6 5. d4 cxd4 6. Nxd4 Bd7 7. Be3 a6 8. Bd3 Rc8 9. 0-0 Ne5 10. b3 g6 11. Rc1 Bg7 12. Nd5 Neg4 13. h3 Nxe3 14. fxe3 0-0 15. Qf3 Nh5 16. g4 e5 17. Ne2 Qg5 18. Kh2 f5 19. exf5 gxf5 20. gxf5 Rf7 21. Rg1 Qh6 22. Rg2 Rcf8 23. Rcg1 Kh8 24. Ng3 Nxg3 25. Qxg3 e4 26. f6 Qxh3+ 27. Qxh3 Bxh3 28. fxg7+ Rxg7 29. Rxg7 Bf5 30. Ne7 Bg6 31. Nxg6+ hxg6 32. Rd7 exd3 33. Rxd6 1-0

[Event "Unterfranken-ch HT 54th"]
[Site "Moembris"]
[Date "2003.04.24"]
[Round "6"]
[White "Bathon, Klemens"]
[Black "Hasenstab, Matthias"]
[Result "0-1"]
[WhiteElo "1640"]
[BlackElo "1294"]
[PlyCount "102"]
[EventDate "2003.04.21"]
[EventType "swiss"]
[EventRounds "9"]
[EventCountry "GER"]
[SourceTitle "EXT 2015"]
[Source "ChessBase"]
[SourceDate "2014.11.20"]
[SourceVersion "1"]
[SourceVersionDate "2014.11.20"]
[SourceQuality "1"]

1. Nf3 Nf6 2. b3 d6 3. Bb2 g6 4. e4 Bg7 5. d3 0-0 6. Nc3 e6 7. Be2 c5 8. 0-0 Nc6 9. h3 a6 10. Rb1 b5 11. a3 Nd4 12. Qd2 Bd7 13. Nd1 Nh5 14. Nxd4 Bxd4 15. Bxd4 cxd4 16. Bxh5 gxh5 17. Qh6 Rc8 18. Rc1 Rc5 19. b4 Qg5 20. Qxg5+ Rxg5 21. c4 Rc8 22. Nb2 e5 23. f4 Rg7 24. f5 Kh8 25. Rf2 Rg3 26. Rfc2 Rcg8 27. Kh2 h4 28. Re1 f6 29. c5 dxc5 30. bxc5 Bc6 31. Rf1 R8g7 32. Rd2 Kg8 33. Nd1 Kf8 34. Rf3 Ke7 35. Rxg3 Rxg3 36. Nf2 h5 37. Nh1 Re3 38. g3 hxg3+ 39. Nxg3 Be8 40. Kg2 Re1 41. Rc2 Kd7 42. a4 b4 43. a5 Kc6 44. Rb2 Kxc5 45. Rc2+ Kd6 46. Rc8 Bb5 47. Nxh5 Re2+ 48. Kg3 Ke7 49. Rc7+ Kd8 50. Rb7 b3 51. Nxf6 b2 0-1